000 00875nas a2200289 4500
001 BR9804193
003 BR-BrBNA
005 20231205101034.0
007 ta
008 230509b bl.|||p| |||| 00| 00por d
040 _aBR-BrBNA
_bpor
_cBiblioteca Nacional de Agricultura
041 _a(Pt)
072 _aL02
100 1 _aFischer, V.
100 1 _aDeswysen, A.G.
100 1 _aAmouche, E.H.
100 1 _aDuttilleul, P.
100 1 _aLobato, J.F.P.
245 1 _aEfeitos da pressao de pastejo sobre o padrao nectemeral do comportamento ingestivo de ovinos em pastagem
650 _aOvino
650 _aPastejo
650 _aPastagem
650 _aConsumo Alimentar
773 0 _tRevista Brasileira de Zootecnia (Brazil)
_xISSN 0100-4859
_g(Jan-Feb 1998), v. 27(1) p. 164-170
_wBR9804193
909 _a202311
_bLúcia
_c55
_dLúcia Elande
942 _2AGRIS
_n0
_cANA
999 _c159398
_d159398